| 000 | 00634cam a22002293a 4500 | ||
|---|---|---|---|
| 001 | 14624 | ||
| 003 | PGUSA | ||
| 005 | 20140828083319.0 | ||
| 008 | 050106s2005||||xxu|||||s|||||000 | eng d | ||
| 040 |
_aPGUSA _beng |
||
| 042 | _adc | ||
| 050 | 4 | _aPZ | |
| 100 | 1 |
_aPage, Thomas Nelson, _d1853-1922 |
|
| 245 | 1 | 0 |
_aSanta Claus's Partner _h[electronic resource] / _cThomas Nelson Page |
| 260 |
_bProject Gutenberg, _c2005 |
||
| 506 | _aPublic domain in the USA. | ||
| 516 | _aElectronic text | ||
| 653 | _aChristmas stories | ||
| 830 | 0 |
_aProject Gutenberg _v14624 |
|
| 856 | 4 | 0 | _uhttp://www.gutenberg.org/ebooks/14624 |
| 942 | _cEB | ||
| 999 |
_c243879 _d243879 |
||